| 000 | 00000nam##2200000za#4500 |
| 001 | 9.636238 |
| 003 | CaOODSP |
| 005 | 20210624220637 |
| 007 | cr ||||||||||| |
| 008 | 150407|2007||||xxc|||||o f|0| 0 fre|d |
| 040 | |aCaOODSP|bfre |
| 043 | |an-cn--- |
| 086 | 1 |aT29-48/2007F-PDF |
| 110 | 1 |aCanada.|bTransports Canada. |bSécurité maritime. |
| 245 | 10|aCours de formation sur la sécurité des navires-citernes, sur l'inertage et sur le lavage au pétrole brut et cours de surveillant d'opérations de transbordement |h[ressource électronique] |
| 250 | |aRévisé en avril 2007. |
| 260 | |bTransports Canada. |c2007. |
| 300 | |a117p. |
| 590 | |a12-35-Supp|b2012-08-09 |
| 691 | 07|aSécurité nautique|2gcpds |
| 775 | 08|tTanker safety, crude oil washing and inert gas, and supervisor of transfer operations training courses |w(CaOODSP)9.691943 |
| 856 | 40|ahttp://publications.gc.ca|qPDF|s3063 Ko|uhttps://publications.gc.ca/collections/collection_2012/tc/T29-48-2007-fra.pdf |
| 986 | |aTP 8129 F |